| 000 | 00449nam a2200169Ia 4500 | ||
|---|---|---|---|
| 003 | GCL | ||
| 008 | 140319s9999 xx 000 0 eng d | ||
| 040 |
_aGCL / _cGCL |
||
| 082 | 0 | 4 |
_a616.994 _bS P |
| 100 | 1 | _aSOLJENITSYNE, ALEXANDRE | |
| 245 | 1 | 0 |
_aLE PAVILLON DES CANCEREUX / _cSOLJENITSYNE, ALEXANDRE |
| 260 |
_a[S.N] : _bLIBRAIRE GENERALE FRANCAISE ، _c1982 |
||
| 300 | _a702 P | ||
| 650 | 0 | 4 | _aCANCER |
| 650 | 0 | 4 | _aMEDICINE |
| 942 |
_2ddc _cBK |
||
| 999 |
_c22701 _d22701 |
||